LEADER 01390nam2 22002891i 450 001 UON00400929 005 20231205104656.40 100 $a20111122d1959 |0itac50 ba 101 $aeng 102 $aGB 105 $a|||| 1|||| 200 1 $aOld Church Slavonic Grammar$fby Grigore Nandris 210 $a[London]$cUniversity of London ; The Athlone Press$d1959 215 $aXIV, 235 p.$d21 cm. 461 1$1001UON00400926$12001 $aHandbook of Old Church Slavonic$fGrigore Nandris, R. Auty$1210 $a[London]$cUniversity of London ; The Athlone Press$d1959-1960$1215 $a2 v.$d21 cm.$v1 606 $aLINGUA SLAVA ANTICA$xGRAMMATICHE$3UONC067687$2FI 620 $aGB$dLondon$3UONL003044 676 $a491.817.01$cSlavo Ecclesiastico$v21 700 1$aNANDRIS$bGrigore$3UONV109542$0634847 712 $aAthlone Press$3UONV247811$4650 712 $aUniversity of London Press$3UONV247861$4650 801 $aIT$bSOL$c20240220$gRICA 912 $aUON00400929 950 $aSIBA - SISTEMA BIBLIOTECARIO DI ATENEO$dSI SL FL 17 0151/1 $eSI SLA85 5 0151/1 $sDa collocare 950 $aSIBA - SISTEMA BIBLIOTECARIO DI ATENEO$dSI SL FL 17 0121/1 $eSI GL 493 5 0121/1 $sBuono 996 $aOld Church Slavonic Grammar$91184044 997 $aUNIOR LEADER 01993nam0 2200493 i 450 001 RAV0145052 005 20251003044325.0 010 $a8820317680 010 $a9788820317683$bRist. 2010 020 $aIT$b92-2104 100 $a20110308d1990 ||||0itac50 ba 101 | $aita 102 $ait 181 1$6z01$ai $bxxxe 182 1$6z01$an 183 1$6z01$anc$2RDAcarrier 200 1 $aViticoltura moderna$emanuale pratico: evoluzione della viticoltura, nozioni generali, tecnica viticola, ampelopatie e difesa del vigneto$fItalo Eynard, Giovanni Dalmasso 205 $a9. ed. rinnovata ed ampliata 210 $aMilano$cU. Hoepli$d©1990 215 $aXVII, 778 p., 41 c. di tav.$cill.$d25 cm. 606 $aViticoltura$2FIR$3CFIC036079$9E 606 $aVITICOLTURA$xMANUALI$2FIR$3MILC023056$9I 676 $a634$9PIANTE DA FRUTTO (FRUTTICOLTURA), FRUTTA, SCIENZE FORESTALI$v21 676 $a634.8$9Viticoltura.$v14 676 $a634.8$9VITICOLTURA$v19 676 $a634.8$9$v21 676 $a634.8$9FRUTTICOLTURA. UVA.$v22 696 $aViticultura 696 $aViticultura 699 $aViticoltura$yViticultura 699 $aViticoltura$yViticultura 700 1$aEynard$b, Italo$3RAVV059674$4070$073383 701 1$aDalmasso$b, Giovanni$3RAVV035674$4070$073127 790 1$aEynard$b, I.$3SBNV065320$zEynard, Italo 801 3$aIT$bIT-000000$c20110308 850 $aIT-BN0095 $aIT-NA0079 $aIT-AV0045 901 $bNAP MV$cP $nSALA BIBLIOGRAFIA 901 $bNAP BN$cS.MOD $nLa consegna dei documenti è effettuata dall'Ufficio Distribuzione 901 $bNAP 01$cSALA DING $n$ 912 $aRAV0145052 950 0$aBiblioteca Centralizzata di Ateneo$b1 v.$c1 v.$d 01SALA DING 634.8 EYN.vi$e 0102 0000068145 VMA A4 1 v. (rist. 2004)$fY $h20080529$i20080529 977 $a 01$a BN$a MV 996 $aViticoltura moderna$974305 997 $aUNISANNIO